California rivers and streams : the conflict between fluvial process and land use

Αποθηκεύτηκε σε:
Λεπτομέρειες βιβλιογραφικής εγγραφής
Κύριος συγγραφέας: Mount, Jeffrey F. 1954-
Μορφή: Βιβλίο
Γλώσσα:English
Δημοσίευση: Berkeley : University of California Press, c1995
Θέματα:
Ετικέτες: Προσθήκη ετικέτας
Δεν υπάρχουν, Καταχωρήστε ετικέτα πρώτοι!

MARC

LEADER 00000nam a2200000 i 4500
001 1/99287
008 000127s1995 eng d
020 |a 0-520-20250-3 
035 |l 10056827 
040 |a GR-MY-UA  |b gre  |e aacr 
041 0 |a eng 
082 0 |a 333.916209794 
100 1 |a Mount, Jeffrey F.  |d 1954- 
245 1 0 |a California rivers and streams :  |b the conflict between fluvial process and land use /  |c Jeffrey F. Mount; illustrations by Janice C. Fong 
260 |a Berkeley :   |b University of California Press,   |c c1995 
300 |a 359 p. 
504 |a Includes bibliographical references and index 
650 0 0 |a Rivers  |z California. 
650 0 0 |a Land use  |z California. 
852 |a INST  |b LESVOS  |e 20000127  |h 333.916209794 MOU  |p 005100021995  |q 005100021995  |t BK  |y 0 
901 |a BIBL1-2000-1 
909 |a Λ  |b 070385 
922 |a 1ΕΛΗ  |b 199911  |c ΚΠΣ/ΤΓ  |d LEADER 
950 |a 118-1999-09-03 
970 |a ΤΖΑΦΕΡΗ  |b ΕΥΑΓΓΕΛΙΑ  |z 2000/02/01